01968cam a22004094i 4500003000900000005001700009008004100026020001500067035002700082040003300109082001900142100004100161245007100202264005900273300003800332336002100370337002500391338002300416490014400439504002800583505077800611526001001389526001001399526000901409526000901418526000901427526000901436526000901445526000901454526000901463526000801472526000801480526000801488526000801496526000801504630004601512PE-LiUPU20250731165514.0150623s r 000 0 d a1841272817 a(Sirsi) i9781841272818 aPE-LiUPUbspacPE-LiUPUerda04a225.077bJ2211 aSanday, William,d1843-1920,eautor.10aEssays in biblical criticism and exegesis.n275 /cWilliam Sanday. 1aSheffield, England :bSheffield Academic Press,c2001. a248 páginas ;c24 centímetros atext2rdacontent aunmediated2rdamedia avolume2rdacarrier0 aJournal for the study of the New Testament. Supplement series; 225. Classics in biblical and theological studies. Supplement series ;v2 aIncluye bibliografía.0 aBiblical criticism: the fulness of revelation in the New Testament. -Methods of theology: the historical method. -The interpretation of the gospels as affected by the newer historical methods. -The conditions under which the gospels were written, in their bearing upon some difficulties of the synoptic problem. -The New Testament background. -The language spoken in palestine at the time of our Lord. -Did Christ speak greek?-a rejoinder. -Greek influence on christianity. -The parable of the labourers in the vineyard. -A new work on the parables. -On the title, ´Son of Man´. -The injunctions of silence in the gospels. -Some leading ideas in the theology of St. Paul. -St Paul´s equivalent for the ´kingdom of heaven´.-St Paul the travelier. -The early visits of.. aSEG44 aSEG26 aP151 aP150 aP149 aP146 aP145 aP126 aP125 aP92 aP75 aP74 aP27 aP15 aBibliaxCrítica, interpretación, etc.